Sueñe, carmelinda : teatro /
Guardado en:
| Autor Principal: | |
|---|---|
| Formato: | Libro |
| Publicado: |
Neuquén :
Municipalidad de Neuquén,
2007
|
| Materias: | |
| Etiquetas: |
Agregar Etiqueta
Sin Etiquetas, Sea el primero en etiquetar este registro!
|
| LEADER | 00622nam a22001935a 4500 | ||
|---|---|---|---|
| 001 | EHU.bham044461 | ||
| 003 | AR-BHAM | ||
| 005 | 20161201132749.0 | ||
| 008 | 130507s2007##################000#0#####d | ||
| 082 | A | 8 | |a 862.5 |
| 100 | 1 | |a Finzi, Alejandro | |
| 245 | 1 | 0 | |a Sueñe, carmelinda : |b teatro / |c Alejandro Finzi |
| 260 | |a Neuquén : |b Municipalidad de Neuquén, |c 2007 | ||
| 300 | |a 49 p. | ||
| 653 | |a Literatura argentina regional-2000- | ||
| 653 | |a Teatro argentino regional-2000- | ||
| 653 | |a Teatro neuquino-2000- | ||
| 653 | |a Literatura neuquina-2000- | ||
| 859 | |a AR-BHAM |b BIB. HUMANIDADES - General |h A862.5 |i F499 |k A |p 711.16 |t Ej.1 | ||
